[Event "Torino Province-ch"]
[Site "Torino"]
[Date "2015.02.19"]
[Round "4"]
[White "Liviabella, Lucio"]
[Black "Baruffa, Marino"]
[Result "0-1"]
[WhiteElo "1609"]
[BlackElo "1889"]
[PlyCount "58"]
[EventDate "2015.01.29"]
[EventType "swiss"]
[EventRounds "7"]
[EventCountry "ITA"]
[SourceTitle "EXT 2017"]
[Source "ChessBase"]
[SourceDate "2016.10.25"]
[SourceVersion "1"]
[SourceVersionDate "2016.10.25"]
[SourceQuality "1"]

1. e4 e5 2. Bc4 Nf6 3. Qe2 Nc6 4. Nf3 Be7 5. a3 0-0 6. 0-0 d6 7. c3 Bg4 8. h3 Be6 9. Bxe6 fxe6 10. d3 h6 11. Be3 Nh7 12. Qd2 Qe8 13. b4 a6 14. c4 Qg6 15. b5 axb5 16. cxb5 Na5 17. Qd1 Nb3 18. Ra2 Nd4 19. Bxd4 exd4 20. Nxd4 Ng5 21. Qg4 h5 22. Qg3 Qf6 23. Ne2 e5 24. Nbc3 c6 25. f4 exf4 26. Rxf4 Qg6 27. h4 Rxf4 28. Nxf4 Qf6 29. Qxg5 Qd4+ 0-1

[Event "Torino Province-ch"]
[Site "Torino"]
[Date "2012.04.03"]
[Round "7"]
[White "Baruffa, Marino"]
[Black "Tondo, Stefano"]
[Result "0-1"]
[WhiteElo "1918"]
[BlackElo "1752"]
[PlyCount "128"]
[EventDate "2012.02.21"]
[EventType "swiss"]
[EventRounds "7"]
[EventCountry "ITA"]
[SourceTitle "EXT 2015"]
[Source "ChessBase"]
[SourceDate "2014.11.20"]
[SourceVersion "1"]
[SourceVersionDate "2014.11.20"]
[SourceQuality "1"]

1. e4 d5 2. exd5 Qxd5 3. Nc3 Qd6 4. d4 Nf6 5. Nf3 Bg4 6. Be3 c6 7. Bc4 e6 8. h3 Bxf3 9. Qxf3 Qb4 10. Bb3 Nd5 11. a3 Qa5 12. Bd2 Bb4 13. Bxd5 cxd5 14. 0-0 Bxc3 15. Bxc3 Qc7 16. Rfe1 0-0 17. Rac1 Nc6 18. Qe3 a5 19. Bd2 b5 20. c3 a4 21. Qg5 f6 22. Qg4 e5 23. Qe6+ Kh8 24. Qxd5 Rab8 25. Qc5 Rfc8 26. d5 Na5 27. Qxc7 Rxc7 28. Rcd1 Rd7 29. Be3 Nc4 30. Re2 Rbd8 31. f4 Rxd5 32. Rde1 Rd1 33. fxe5 Nxe5 34. Bd4 Rxe1+ 35. Rxe1 Rd5 36. Kf1 Kg8 37. Re2 Kf7 38. Ke1 Nc6 39. Be3 Na5 40. Bd4 Nb3 41. Be3 h5 42. Rc2 Na1 43. Rf2 Nb3 44. Rf4 g5 45. Rb4 Na1 46. Re4 Nc2+ 47. Ke2 f5 48. c4 bxc4 49. Rxc4 Nxe3 50. Kxe3 Re5+ 51. Kd3 Ra5 52. Rc6 Rb5 53. Kc3 Rb3+ 54. Kc2 Rg3 55. Ra6 Rxg2+ 56. Kb1 Rg1+ 57. Ka2 f4 58. Rxa4 f3 59. Ra7+ Kg6 60. Ra8 f2 61. Rf8 f1Q 62. Rxf1 Rxf1 63. a4 g4 64. hxg4 hxg4 0-1